000 00532nam a2200181Ia 4500
008 100920s9999 xx 000 0 und d
082 _b93420
_a--- न 05
100 _aजोशी श्रीकृष्ण.
245 _aकाटशह.
260 _bस्पर्श प्रकाशन ,पुणे.
_c2005
300 _a162
_bसाधी
365 _b160
520 _aकादंबरी.
630 _aकाटशह.
650 _aकादंबरी.
730 _aकाटशह.
942 _cBOOK
999 _c733863
_d733860